Регионална библиотека "Любен Каравелов" - Русе

Спомени (Запис номер 342578)

MARC детайли
000 -Лидер
Контролно поле с фиксирана дължина 00878nam a2200253 c 4500
003 - Код на организацията, давaща контролен номер
Контролно поле BLK
005 - Дата и час на последна редакция
Контролно поле 20190913121204.0
008 - Елементи от данни с фиксирана дължина
fixed length control field 180911b bul|||||r ||||||| ||bul||
010 ## - Наследен системен номер
LC control number 002227
040 ## - Източник на каталожния запис
Идентификатор на билиотеката - собственик на записа BLK
041 ## - Код за език
Код за езика на текст/звукозапис или на отделно заглавие Български
080 ## - УДК
Текстов определител УДК Салабашев, Иван
УДК определител 92
УДК - код + определител 949.72(092)92
100 1# - Редна дума - Автор
Автор САЛАБАШЕВ, Иван
Авторска отговорност първи автор
245 00 - Сведения за заглавието
Заглавие Спомени
260 ## - Област на издателските данни
Място на издаване, разпространение и проч. София
Име на издателя, разпространителя и проч. Бълг. акад. на науките и изкуствата
Година на издаване 1943
Печатница Книпеграф
300 ## - Физическа характеристика
Страници XXIII, 604 с
Размери/Мащаб 24 см
380 ## - Жанр
Жанр История
490 ## - СЕРИИ (Колекции)
Име на серия Частна колекция - Академик Михаил Арнаудов
Бележки за серията Дарение - Основен фонд
650 ## - Допълнително описание по предмет – тема
Основно описание – тема или топоним Биографии
655 ## - Ключова дума – жанр/разновидност
Данни за жанр/разновидност или ключова дума за фокус българска история
700 1# - Други автори (авторска отговорност)
Лично име Иван Салабашев
852 ## - Местоположение
Форматна сигнатура МА 2599
942 ## - АРТИКУЛИ
Вид на библиотечния материал Книги
Скрит в OPAC Не
944 ## - СЪЗДАВАНЕ И РЕДАКЦИЯ на ЗАПИСА
Създаване/Редакция Създаване
Дата на регистрацията/редакция 1997
Служител, извършил регистрацията/редакцията GGG
999 ## - СИСТЕМНИ КОНТРОЛНИ НОМЕРА
Koha biblionumber 342578
Koha biblioitemnumber 342578
Наличности
Код за отписване Код за изгубен артикул Източник на класификационната схема Код за повреда Коз за рестрикции Код за отдаване Артикулен № Име на библиотеката - собственик Име на библиотеката, в която се намира в момента Статус (Текущо местоположение) Местоположение - отдел Цена в лева Номерация (Хронология) Инвентарен номер Систематично азбучна сигнатура Баркод Номер на екземпляра Цена в евро Служебен тип на артикула Дата на вписване в системата
  Не е изгубен Universal Decimal Classification Не е повреден без рестрикции Специални фондове ( старопечатни, редки и ценни, фонд М. Арнаудов) 742646 Регионална библиотека "Любен Каравелов" Русе Регионална библиотека "Любен Каравелов" Русе Фонд "Михаил Арнаудов" Фонд "Михаил Арнаудов" 400.00   590532 МА 2599 120000590532 1 204.52 Книги  
  Не е изгубен Universal Decimal Classification Не е повреден само за читалня ползва се в читалня 803784 Регионална библиотека "Любен Каравелов" Русе Регионална библиотека "Любен Каравелов" Русе Хранилище Основен фонд - ползва се само за читалня 40.00   656634 Цб 14346 120000656634   20.45 Книги 2020-10-21
Vip Innovations Ltd, Rousse, Bulgaria 2025